| 000 | 01405nam0a2200349 4500 | ||
|---|---|---|---|
| 001 | RU\NLR\bibl\1528037 | ||
| 005 | 20260406114108.0 | ||
| 010 |
_a978-5-17-063398-2 _bАСТ |
||
| 010 |
_a978-5-271-26370-5 _bАстрель _95000 |
||
| 021 |
_aRU _b2010-39817 _92667 |
||
| 035 | _a(NLR Aleph) 001519376 | ||
| 090 |
_a130635 _c130635 |
||
| 100 | _a20100531d2010 |||y0rusy50 ca | ||
| 101 | 1 |
_arus _ceng |
|
| 102 | _aRU | ||
| 105 | _aa ||||||||| | ||
| 200 | 1 |
_aПриключения Тома Сойера _aПриключения Гекльберри Финна _aПринц и нищий _e[повести] _fМарк Твен _g[пер. с англ. Н. Дарузес и др. _gхудож.: Вадим Челак] |
|
| 210 |
_aМосква _cАСТ _cАстрель _d2010 (печ. 2009) |
||
| 215 |
_a734, [1] с. _cил. _d22 |
||
| 610 | 0 | _aДетская литература | |
| 686 |
_aШ9(2)72(7США) _2rubbk |
||
| 686 | _aШ9(7США)62-4 | ||
| 700 | 1 |
_4070 _7ca _8rus _aТвен _bМ. _f1835-1910 _gМарк _9110265 _3RU\NLR\AUTH\77201 |
|
| 702 | 1 |
_4040 _7ca _8rus _aЧелак _bВ. Г. _cхудожник _f1961- _gВадим Георгиевич _946992 _3RU\NLR\AUTH\7764063 |
|
| 801 | 0 |
_aRU _bРГБ _c20100531 _grcr |
|
| 801 | 1 |
_aRU _bРГБ _c20100531 |
|
| 801 | 2 |
_aRU _bNLR _c20100627 _grcr |
|
| 942 | _cBOOK | ||
| 980 | _aNB | ||